| 000 | 01513nam a2200385 c 4500 | ||
|---|---|---|---|
| 003 | BLK | ||
| 005 | 20230512095319.0 | ||
| 008 | 180408b bul|||||r ||||||| ||bul|| | ||
| 010 | _aKNG00077469000 | ||
| 020 |
_a978-954-607-745-5 _bиздат.: ЛИК |
||
| 040 | _aBLK | ||
| 041 |
_aBUL _cBUL |
||
| 080 |
_aБългарска литература _b821.163.2 _x(092)(093.3) _z821.163.2(092)(093.3) |
||
| 080 |
_aНикола Стоянов Станев. Български писател _b929 Станев, Емилиян _x _z929 Станев, Емилиян |
||
| 700 | 1 |
_aПенчева, Радка Пенчева _9371453 |
|
| 139 |
_aСпомени за Емилиян Станев _bС 68 |
||
| 245 | 1 | 0 |
_aСпомени за Емилиян Станев _cсъстав. Радка Пенчева Пенчева. |
| 257 | _aBGR | ||
| 260 |
_аСофия _bЛИК _c2007 |
||
| 300 |
_a356 с. _bсъс сн. _c20 см |
||
| 380 | _a82 | ||
| 500 | _aОфс. изд. - Бележки ; Именен указател. | ||
| 600 | 1 | 4 |
_aСтанев, Емилиян _qСтанев, Никола Стоянов _d1907-1979 _9363786 |
| 650 | 4 |
_aПисатели, български - спомени _9243093 |
|
| 650 | 4 |
_aСтанев, Емилиян _9243089 |
|
| 653 | _aЕмилиян Станев | ||
| 653 | _aбългарски писатели | ||
| 653 | _aбиографии | ||
| 653 | _aспомени | ||
| 852 | _aЦб 235539 | ||
| 856 | 4 |
_qpdf _u |
|
| 856 | 4 |
_qpdf _u |
|
| 942 |
_cKNG _n0 |
||
| 944 |
_aCR _c16.08.2007 _kПенка_Димитрова |
||
| 944 |
_aED _c27.05.2008 _k |
||
| 999 |
_c73088 _d73088 |
||